| 000 | 00818nam a2200217Ia 4500 | ||
|---|---|---|---|
| 999 |
_c37875 _d37875 |
||
| 003 | OSt | ||
| 005 | 20220329150636.0 | ||
| 008 | 160316s2002 xxu||||| |||| 00| 0 eng d | ||
| 020 | _a9780333937167 | ||
| 040 | _cn | ||
| 082 |
_a350.001000 _bBAB |
||
| 100 | _aBabu Madhavan Sathya | ||
| 245 | _aMotivating Bureaucracy | ||
| 260 |
_aNew Delhi _bMacmillan Publishing Co. _c2002 |
||
| 300 |
_a175p _cxi |
||
| 365 | _b Gratis | ||
| 505 | _aContent: Chapter 1 Efficiency of public Service; Chapter 2 Motivation; Chapter 3 A Transparent and Responsive Administration; Chapter 4 Fairness and Impartiality of public Service; Chapter 5 Behavior Modification; Chapter 6 Vigilance; Chapter 7 Bureaucratic Quagmire; Appendices; Index | ||
| 650 | _a1. Bureaucracy - India | ||
| 700 |
_a _a |
||
| 942 |
_2ddc _cBK |
||